<?xml version="1.0" encoding="UTF-8"?>
<record
    xmlns:xsi="http://www.w3.org/2001/XMLSchema-instance"
    xsi:schemaLocation="http://www.loc.gov/MARC21/slim http://www.loc.gov/standards/marcxml/schema/MARC21slim.xsd"
    xmlns="http://www.loc.gov/MARC21/slim">

  <leader>00454nam a22001217a 4500</leader>
  <datafield tag="100" ind1=" " ind2=" ">
    <subfield code="a">Walakada Gamage,Piyal Ariyananda</subfield>
    <subfield code="9">249</subfield>
  </datafield>
  <datafield tag="245" ind1=" " ind2=" ">
    <subfield code="a">Structural Characterization of a Series of Nickel(11) Complexes of (2-Aminomethyl) Pyridine,(N,N'-Dimethyl) Ethylendeiamine, and Phenylenediamine</subfield>
  </datafield>
  <datafield tag="260" ind1=" " ind2=" ">
    <subfield code="a">USA</subfield>
    <subfield code="b">University of Louisiana</subfield>
    <subfield code="c">2003</subfield>
  </datafield>
  <datafield tag="300" ind1=" " ind2=" ">
    <subfield code="a">149p</subfield>
  </datafield>
  <datafield tag="490" ind1=" " ind2=" ">
    <subfield code="a"> Dissertations 2003</subfield>
  </datafield>
  <datafield tag="650" ind1=" " ind2=" ">
    <subfield code="a">Seminar Reports ,Dissertations,2003</subfield>
    <subfield code="9">250</subfield>
  </datafield>
  <datafield tag="942" ind1=" " ind2=" ">
    <subfield code="c">DES</subfield>
  </datafield>
  <datafield tag="999" ind1=" " ind2=" ">
    <subfield code="c">2270</subfield>
    <subfield code="d">2270</subfield>
  </datafield>
  <datafield tag="952" ind1=" " ind2=" ">
    <subfield code="0">0</subfield>
    <subfield code="1">0</subfield>
    <subfield code="7">0</subfield>
    <subfield code="8">NFIC</subfield>
    <subfield code="a">IC</subfield>
    <subfield code="b">IC</subfield>
    <subfield code="c">GEN</subfield>
    <subfield code="d">2015-10-03</subfield>
    <subfield code="l">0</subfield>
    <subfield code="p">D0033</subfield>
    <subfield code="r">2015-10-03 00:00:00</subfield>
    <subfield code="y">DIS</subfield>
  </datafield>
</record>
